Statistiques concernant Pays les plus proches du Luxembourg - Sprint d'une minute

Cliquez ici pour prendre le quiz!

Statistiques générales

  • Ce quiz a été pris 77 fois
  • Le résultat moyen est 16 sur 20

Statistiques - réponses

kmpays% Correct
0France
100%
0Belgique
99%
0Allemagne
97%
64Pays-Bas
94%
227Suisse
91%
321Autriche
90%
366Italie
90%
602Pologne
86%
338Liechtenstein
84%
555Danemark
83%
337Royaume-Uni
79%
811Espagne
77%
401Tchèquie
77%
732Suède
67%
767Hongrie
66%
768Slovaquie
64%
630Slovénie
61%
641Monaco
59%
766Saint-Marin
46%
694Croatie
43%

Distribution des résultats

Percentile par nombre de réponses

% des personnes avec chaque résultat

Votre développement - résultats

Vous n’avez pas pris ce quiz